| 000 | 00540nam a2200217 a 4500 | ||
|---|---|---|---|
| 001 | 11691 | ||
| 003 | CO-ViMGA | ||
| 008 | 141112s2004 ck r 000 u spa d | ||
| 020 | _a8482807005, 9586332144 | ||
| 040 |
_aCO-ViMGA _bspa _cCO-ViMGA |
||
| 082 | 0 | 4 | _a827.52 S977v |
| 100 | 1 |
_aSwift, Jonathan _916302 |
|
| 245 | 1 | 0 | _aLos viajes de Gulliver |
| 250 | _a1 | ||
| 300 | _a236 p. | ||
| 490 | _aBiblioteca de aventuras | ||
| 590 | _aEjemplares : 2 | ||
| 650 | 1 | 4 |
_aHUMORISMO INGLES _916303 |
| 650 | 1 | 4 | _aNOVELA INGLESA |
| 942 |
_2ddc _cBK |
||
| 999 |
_c10182 _d10182 |
||